Cantares en novilunio / (Registro nro. 9644)
[ vista simple ]
| 000 -CABECERA | |
|---|---|
| campo de control de longitud fija | 00575cam a2200193 a 4500 |
| 001 - NÚMERO DE CONTROL | |
| campo de control | 000009885 |
| 003 - IDENTIFICADOR DEL NÚMERO DE CONTROL | |
| campo de control | UkOxU |
| 005 - FECHA Y HORA DE LA ÚLTIMA TRANSACCIÓN | |
| campo de control | 20200929161739.0 |
| 008 - DATOS DE LONGITUD FIJA--INFORMACIÓN GENERAL | |
| campo de control de longitud fija | 931102s1993 ec 000 p spa d |
| 040 ## - FUENTE DE LA CATALOGACIÓN | |
| Centro catalogador/agencia de origen | DO-SdBNP |
| Lengua de catalogación | spa |
| Centro/agencia transcriptor | BNPHU |
| 082 ## - NÚMERO DE LA CLASIFICACIÓN DECIMAL DEWEY | |
| Número de clasificación | E861.44 |
| Número de documento/Ítem | V473c |
| 100 1# - ENTRADA PRINCIPAL--NOMBRE DE PERSONA | |
| Nombre de persona | Vera Ortíz, Luis Gerardo. |
| 9 (RLIN) | 24818 |
| 245 10 - MENCIÓN DE TÍTULO | |
| Título | Cantares en novilunio / |
| Mención de responsabilidad, etc. | Luis Gerardo Vera Ortíz. |
| 260 ## - PUBLICACIÓN, DISTRIBUCIÓN, ETC. | |
| Lugar de publicación, distribución, etc. | Quito : |
| Fabricante | Artes Gráficas Señal, |
| Fecha de publicación, distribución, etc. | 1993. |
| 300 ## - DESCRIPCIÓN FÍSICA | |
| Extensión | 227 p. ; |
| Dimensiones | 22 cm. |
| 650 #4 - PUNTO DE ACCESO ADICIONAL DE MATERIA--TÉRMINO DE MATERIA | |
| Término de materia o nombre geográfico como elemento de entrada | Poesía ecuatoriana |
| 9 (RLIN) | 13387 |
| 650 #4 - PUNTO DE ACCESO ADICIONAL DE MATERIA--TÉRMINO DE MATERIA | |
| Término de materia o nombre geográfico como elemento de entrada | Literatura ecuatoriana |
| 9 (RLIN) | 3938 |
| 650 #4 - PUNTO DE ACCESO ADICIONAL DE MATERIA--TÉRMINO DE MATERIA | |
| Término de materia o nombre geográfico como elemento de entrada | Poesía amorosa |
| 9 (RLIN) | 9227 |
| Estado de retiro | Estado de pérdida | Restricciones de uso | No para préstamo | Código de colección | Localización permanente | Ubicación/localización actual | Ubicación en estantería | Fecha de adquisición | Número de inventario | Total de préstamos | Signatura topográfica completa | Código de barras | Fecha visto por última vez | Precio válido a partir de | Tipo de ítem Koha |
|---|---|---|---|---|---|---|---|---|---|---|---|---|---|---|---|
| Excluido de préstamo | Monografías: Libros y Folletos | General | General | Depósito | 01.10.2009 | LF1 | E861.44 V473c | 9885-10 | 25.06.2020 | 25.06.2020 | No se presta | ||||
| Monografías: Libros y Folletos | General | General | Orden iniciada | 29.05.2017 | LF1 | E861.44 V473c | 9885-20 | 25.06.2020 | 25.06.2020 | No se presta |
